| 000 | 00884nac a22002657a 4500 | ||
|---|---|---|---|
| 001 | BR6900141 | ||
| 003 | BR-BrBNA | ||
| 005 | 20240105113338.0 | ||
| 008 | 230509b bl.|||m| |||| 00| 0 por d | ||
| 040 |
_aBR-BrBNA _bpor _cBiblioteca Nacional de Agricultura |
||
| 072 | _aE15; L00 | ||
| 090 | _a9410 BR6900141 | ||
| 110 | 1 |
_aCooperativa Central dos Produtores de Leite Ltda., Rio de Janeiro, RJ (Brasil) _92830 |
|
| 245 | 1 | _aRelatorio de 1968 [Microeconomia; Leite; Producao leiteira; Brasil] | |
| 260 | 3 |
_aRio de Janeiro, GB (Brasil): _c1969. |
|
| 300 | _a51 p. | ||
| 490 |
_aRelatorio - Cooperativa Central dos Produtores de Leite Ltda. (Brazil) _v _x |
||
| 500 | _a11 tables; 11 graphs | ||
| 650 | _aMicroeconomia | ||
| 650 | _aProducao animal | ||
| 650 | _aLeite | ||
| 650 | _aCooperativa | ||
| 909 |
_a202312 _bLúcia Elande _c55 _dLúcia Elande |
||
| 942 |
_2AGRIS _n0 _cMS |
||
| 999 |
_c263208 _d263208 |
||